| 000 | 00349nam a2200109Ia 4500 | ||
|---|---|---|---|
| 008 | 171205s9999 xx 000 0 und d | ||
| 020 | _a9780415838344 | ||
| 100 | _aConn, Carmel. | ||
| 245 |
_cCarmel Conn _aAutism and the Social World of Childhood A Sociocultural perspective on Theory and Practice |
||
| 260 |
_bRoutledge _c2014 |
||
| 300 | _a186 pages | ||
| 999 |
_c347425 _d347425 |
||